Mối quan hệ văn hóa Tày - Việt dưới góc độ thẩm mỹ qua một số kiểu truyện kể dân gian
Đã lưu trong:
| 主要作者: | |
|---|---|
| 格式: | 圖書 |
| 出版: |
Hà Nội
Đại học Quốc gia Hà Nội
2020
|
| 主題: | |
| 標簽: |
添加標簽
沒有標簽, 成為第一個標記此記錄!
|
| Thư viện lưu trữ: | Trung tâm Học liệu Lê Vũ Hùng, Trường Đại học Đồng Tháp |
|---|
| LEADER | 00905pam a22002418a 4500 | ||
|---|---|---|---|
| 001 | 00046428 | ||
| 005 | 20210219140210.0 | ||
| 008 | 170515s2014 ||||||Viesd | ||
| 020 | # | # | |a 9786049947025 |c 0 |
| 041 | 0 | # | |a Vie |
| 082 | 1 | 4 | |a 398.209 597 |b M452QU |
| 100 | 1 | # | |a Hà, Thị Thu Hương |
| 245 | 1 | 0 | |a Mối quan hệ văn hóa Tày - Việt dưới góc độ thẩm mỹ qua một số kiểu truyện kể dân gian |c Hà Thị Thu Hương |
| 260 | # | # | |a Hà Nội |b Đại học Quốc gia Hà Nội |c 2020 |
| 300 | # | # | |a 548tr. |c 21cm |
| 653 | # | # | |a Chuyên luận |
| 653 | # | # | |a Truyện dân gian |
| 653 | # | # | |a Văn hóa |
| 653 | # | # | |a Văn hóa Tày - Việt |
| 653 | # | # | |a Văn học dân gian |
| 852 | # | # | |j KD.0027792 |j KM.0035112 |
| 910 | # | # | |d 19/02/2021 |
| 980 | # | # | |a Trung tâm Học liệu Lê Vũ Hùng, Trường Đại học Đồng Tháp |


